| 000 | 01754cam a22004094i 4500 | ||
|---|---|---|---|
| 003 | PE-LiUPU | ||
| 005 | 20250731183429.0 | ||
| 008 | 150706s2011 sp a r 000 0 spa d | ||
| 020 | _a9788498015102 | ||
| 035 | _a(Sirsi) i9788498015102 | ||
| 040 |
_aPE-LiUPU _bspa _cPE-LiUPU _erda |
||
| 049 | _aPRUA | ||
| 082 | 0 | 4 |
_a712.6 _bR91 _221 |
| 100 | 1 |
_aRudge, Ian, _eautor. |
|
| 245 | 1 | 0 |
_a1000 diseños para el jardín y dónde encontrarlos / _cIan y Geraldine Rudge. |
| 246 | 3 | _aMil diseños para el jardín y dónde encontrarlos | |
| 264 | 1 |
_aBarcelona : _bBlume, _c2011. |
|
| 300 |
_a368 páginas : _bilustraciones ; _c25 centimetros |
||
| 336 |
_atext _2rdacontent |
||
| 337 |
_aunmediated _2rdamedia |
||
| 338 |
_avolume _2rdacarrier |
||
| 505 | 0 | _aLinderos y superficies -- Elementos del jardín para la fauna silvestre -- Recipientes -- Elementos de agua -- Iluminación -- Mobiliario -- Refugios de jardín -- Arte en el jardín -- El jardín lúdico -- Utensilios de cocina y calefacción para exteriores. | |
| 526 | _aP158 | ||
| 526 | _aP146 | ||
| 526 | _aP17 | ||
| 526 | _aP12 | ||
| 526 | _aP06 | ||
| 541 | _g003-000204; | ||
| 650 | 0 | 4 |
_aJardines _xDiseño. |
| 700 | 1 |
_aRudge Geraldine, _eautor. |
|
| 910 |
_agl _bjv _clch _d20111012 |
||
| 942 |
_2ddc _cBOOK |
||
| 949 |
_a712.6 R91 _wDEWEY _c1 _i63786 _lCCODEBUL1 _mBUL _p78.00 _r0 _sY _tBOOK _u2015-7-6 _xINGENIERIA _PP06 _o.STAFF. Colección General |
||
| 994 |
_aC0 _bPEPRU |
||
| 596 | _a1 | ||
| 999 |
_a712.6 R91 _wDEWEY _c52677 _i63786 _d52677 _e2019-3-26 _f2021-11-9 _g7 _lCCODEBUL1 _mBUL _n8 _p78.00 _q6 _r0 _sY _tBOOK _u2015-7-6 _xINGENIERIA _PP06 _0COMPRA _o.STAFF. Colección Ingeniería y Arquitectura |
||
| 980 |
_81 _gALBERTO SANCHEZ Responsable de Automatización |
||